Culture Générale - Série 890 - Statistiques

Statistiques générales
  • Ce quiz a été pris 139 fois
  • Le résultat moyen est 5 sur 10
Statistiques - réponses
Question Réponse % Correct
Garer son véhicule dans un espace disponible entre 2 véhicules en stationnement, c'est faire un ... créneau
93%
Dans quel pays d'Asie doit-on payer ses achats en bahts ? Thaïlande
61%
Quel grand bovidé sauvage est caractérisé par son cou bossu et son grand collier de fourrure laineuse ? bison
60%
Quelle ville est le chef lieu du Pas-de-Calais ? Arras
58%
Comment appelle-t-on la personne qui affectionne l'art et la beauté ? esthète
49%
Comment appelle-t-on un fromage de soja chinois ? tofu
49%
Qui a écrit la nouvelle “Le Passe-Muraille” ? Marcel Aymé
30%
François 1er a été fait prisonnier en 1512 à la bataille de ... Pavie
28%
Forte charpente épousant la forme de la carène d'un bateau et destinée à soutenir celui-ci lors du halage, de la mise à l'eau, du transport. ber
14%
Dans quelle ville est née la Callas ? New York
14%
Aucun quiz correspondant
Distribution des résultats
% des personnes avec chaque résultat
Percentile par nombre de réponses
Votre historique - résultats
Vous n’avez pas pris ce quiz